000 00402pab a2200157 454500
008 180718b1987 xxu||||| |||| 00| 0 eng d
100 _aSatyanarayana, I.
245 _aCredit performance of RRBs (Regional Rural Banks) - case study
260 _c1987
300 _a402 - 6
362 _aJune
650 _aBanks - India
700 _aCh. Rushyendra Rao
773 _aKhadi Gramodyog
909 _a4351
999 _c4351
_d4351